000 00291nam a22001337a 4500
008 170130b xxu||||| |||| 00| 0 eng d
020 _a042799309582
041 _aeng
080 _a61
100 _a3
101 _aSHMI
245 _aYOUR CHILD: A MEDICAL GUIDE
_cWEBER. L
942 _2udc
_cBK
999 _c4027
_d4027